000 00645nam a2200181Ia 4500
008 100920s9999 xx 000 0 und d
082 _b38076
_a520 थ 77
100 _aवैदय ब.ल.
245 _aआरोग्यासाठी योगासने.
260 _bकोठावळे अ.के. मॅजेस्टिीक प्र. मुंबई.
_c1977
300 _a119
_bसाधी
365 _b8.5
520 _aशाअ.
630 _aआरोग्यासाठी योगासने.
650 _aशाअ.
730 _aआरोग्यासाठी योगासने.
942 _cBOOK
999 _c690318
_d690315